| 000 | 01302nam a22003857a 4500 | ||
|---|---|---|---|
| 001 | 0068045 | ||
| 003 | KOHA_MİRAKIL | ||
| 005 | 20260207004736.0 | ||
| 007 | |||
| 008 | 221222b2021 tu |||g|||||#0|||1|eng | | ||
| 020 | _a9781108784917 | ||
| 040 |
_aTR-BiSEU _btur _cTR-BiSEU _erda |
||
| 041 | 0 | _aeng | |
| 044 | _ctu | ||
| 050 |
_aPE1112 _b.R38 2021 |
||
| 100 | 1 | _aReppen, Randi. | |
| 245 | 1 |
_aGrammar and beyond with academic writing 2A/ _cRandi Reppen ; Randi Reppen. |
|
| 250 | _a2nd Edition | ||
| 264 | 1 |
_aCambridge : _bCambridge University Press _c2021 |
|
| 300 | _a203 pages: illustrated; 26 cm. | ||
| 336 |
_ametin _btxt _2rdacontent |
||
| 337 |
_aaracısız _bn _2rdamedia |
||
| 338 |
_acilt _bnc _2rdacarrier |
||
| 500 | _aIncludes index. | ||
| 650 | 0 |
_aEnglish language. _928785 |
|
| 650 | 0 |
_aEnglish language grammar. _9129414 |
|
| 650 | 0 |
_aEnglish language--grammar--problems--exercises. _9129415 |
|
| 650 | 0 |
_aEnglish language textbooks for foreign speakers. _9129416 |
|
| 650 | 0 |
_aİngilizce dili. _9129417 |
|
| 650 | 0 |
_aİngilizce dilbilgisi. _9129418 |
|
| 650 | 0 |
_aİngiliz dili--dilbilgisi--problemler--alıştırmalar. _9129419 |
|
| 650 | 0 |
_aYabancı konuşmacılar için İngilizce ders kitapları. _9129420 |
|
| 907 | _aDil ve Edebiyat | ||
| 942 |
_2lcc _cBK |
||
| 999 |
_c68614 _d68614 |
||